000 00449nam a2200181Ia 4500
001 23161
005 20260414150919.0
008 260414t2013||||xx |||||||||||||| ||spa||
041 _aESP
082 _a624.354328
_bA68
100 _aArce Ruiz, Rosa M.
_eAUT
245 0 _aLa evaluación ambiental en la ingeniería civil
_b
260 _c2013
300 _a284 páginas :
_c24 cm.
650 _a0
654 _aCIC
942 _cLIB
_dJUS
_fJUS
_2ddc
_n
999 _c23161
_d23161